000
00339nam a22001457a 4500
003
OSt
008
201120b ||||| |||| 00| 0 eng d
100
_a
SOMMERVILLE, Ian
245
_a
Software Engineering
250
_a
10th ed
260
_a
New Delhi
_b
Pearson
_c
2019
300
_a
808
650
_a
B.Sc Computer Science
942
_2
ddc
_c
BK
999
_c
9318
_d
9318